Annual Report 2012-13 : Anand Agricultural University (Record no. 141470)
[ view plain ]
| 000 -LEADER | |
|---|---|
| fixed length control field | 00276nam a22001097a 4500 |
| 003 - CONTROL NUMBER IDENTIFIER | |
| control field | OSt |
| 082 ## - DEWEY DECIMAL CLASSIFICATION NUMBER | |
| Classification number | UTY/AAU-AR 2012-13 |
| 245 ## - TITLE STATEMENT | |
| Title | Annual Report 2012-13 : Anand Agricultural University |
| 260 ## - PUBLICATION, DISTRIBUTION, ETC. (IMPRINT) | |
| Place of publication, distribution, etc | Anand |
| Name of publisher, distributor, etc | Anand Agricultural University |
| 300 ## - PHYSICAL DESCRIPTION | |
| Extent | 226 |
| 942 ## - ADDED ENTRY ELEMENTS (KOHA) | |
| Source of classification or shelving scheme | Dewey Decimal Classification |
| Koha item type | Report |
| Lost status | Source of classification or shelving scheme | Damaged status | Not for loan | Collection code | Home library | Current library | Shelving location | Date acquired | Total Checkouts | Full call number | Barcode | Date last seen | Koha item type |
|---|---|---|---|---|---|---|---|---|---|---|---|---|---|
| Dewey Decimal Classification | Reference Book | KAU Central Library, Thrissur | KAU Central Library, Thrissur | Reports | 25/03/2015 | AAU/AR 2012-13 | 807923 | 25/03/2015 | Report |
